Music Quiz

Random Music Quiz

Polyphonic Spree Instruments Quiz Stats

 Plays Quiz not verified by Sporcle

Challenge
Share
Tweet
Embed
Score 0/21 Timer 05:00
0 Plays Today
% Correct
Guitar (Cory Helms, Dylan Silvers, Annie Clark, Ryan Fitzgerald, Daniel Huffman)
100%
Pedal steel* (Joe Butcher)
100%
Trombone (Mike St. Claire, Nick Wlodarckzyk, James Reimer, Zach Giffel)
92.9%
Flute (Audrey Easley)
78.6%
Trumpet (Matt Bricker, Jay Jennings, Chris Curiel, Logan Keese)
78.6%
Drums (Bryan Wakeland, Jason Garner)
71.4%
Bass guitar (Mark Pirro)
71.4%
Piano (Nick Groesch, Evan Jacobs, Jesse Hester)
64.3%
Misc. percussion (Keith Hendricks, Brian Teasley, John Lamonica, Taylor Young, Jeff Bouck, Mike Dillon, Mike Melendi)
64.3%
Violin (Tamara Cauble, Daniel Hart)
64.3%
Cello (Buffi Jacobs)
64.3%
% Correct
Harp* (Ricky Rasura)
64.3%
Viola (Rick Nelson, Todd Berridge, Joseph Singleton)
57.1%
French horn* (Louis Schwadron, Andrew Tinker)
57.1%
Piccolo (Audrey Easley)
50%
Lead (Tim DeLaughter)
42.9%
Choir (Jennifer Jobe, Julie Doyle, Jessica Jordan, Apotsala Wilson, Kristin Hardin, Jennie Kelley, Elizabeth Brown, Stephanie Dolph, Kelly Repka, Michael Turner, Michael Musik, Corn Mo, & more...)
42.9%
Organ (Evan Hisey, Carlos Jackson)
42.9%
Synthesizer (Evan Hisey)
35.7%
EWI (Audrey Easley)
21.4%
Theremin* (Toby Halbrooks)
21.4%

You're not logged in!

Compare scores with friends on all Sporcle quizzes.
OR
Log In

You Might Also Like...

Show Comments

Extras

Top Quizzes Today


Score Distribution

Your Account Isn't Verified!

In order to create a playlist on Sporcle, you need to verify the email address you used during registration. Go to your Sporcle Settings to finish the process.

Report this User

Report this user for behavior that violates our Community Guidelines.

Details: